Регистрация электрического поля молнии; Техника высоких напряжений и преобразователи; Вып. 1

Podrobná bibliografie
Parent link:Техника высоких напряжений и преобразователи: межвузовский сборник/ Уральский политехнический институт им. С. М. Кирова.— , 1977
Вып. 1.— 1977.— С. 26-31
Hlavní autor: Дульзон А. А. Альфред Андреевич
Další autoři: Потапкин В. И.
Jazyk:ruština
Vydáno: 1977
Témata:
Médium: MixedMaterials Kapitola
KOHA link:https://koha.lib.tpu.ru/cgi-bin/koha/opac-detail.pl?biblionumber=215777

MARC

LEADER 00000naa2a2200000 4500
001 215777
005 20240708103710.0
035 |a (RuTPU)RU\TPU\book\235712 
090 |a 215777 
100 |a 20120516d1977 k y0rusy50 ca 
101 0 |a rus 
102 |a RU 
200 1 |a Регистрация электрического поля молнии  |f А. А. Дульзон, В. И. Потапкин 
320 |a Библиогр.: с. 31 (9 назв.) 
461 0 |0 (RuTPU)RU\TPU\book\40690  |t Техника высоких напряжений и преобразователи  |o межвузовский сборник  |f Уральский политехнический институт им. С. М. Кирова  |d 1977 
463 0 |0 (RuTPU)RU\TPU\book\235606  |t Вып. 1  |v С. 26-31  |d 1977  |p 138 с. 
610 1 |a труды учёных ТПУ 
700 1 |a Дульзон  |b А. А.  |c специалист в области техники высоких напряжений, управления проектами, управления персоналом  |c профессор Томского политехнического университета, доктор технических наук  |f 1937-2019  |g Альфред Андреевич  |3 (RuTPU)RU\TPU\pers\21958  |9 9277 
701 1 |a Потапкин  |b В. И. 
801 1 |a RU  |b 63413507  |c 20120516 
942 |c BK